00439nam a22001457a 4500020002200000082001200022100002900034245003700063260003000100300000800130650001300138942000700151952011800158999001700276 a978-93-85194-85-6 a266 PAT aPathickal, Rev. Dr. Paul a12 Evangelical Leaders of Kerala aHyderabadbGS Booksc2017 a271 aMissions cBK 00104070aHMIbHMIcGENd2017-08-24eOm Books Foundationg200.00l0o266 PATp25347r2017-08-31w2017-08-31yBK c20595d20595